000 00839nam a2200205 a 4500
003 0
005 20250208103233.0
008 120723s19uu xx 00 eng d
050 _aPGS BJ 1533.S4
_b.D364 2012
100 _adel Rosario, Lourdes Ann.
245 _aSelf esteem and fashion awareness of grade 5 and 6 SISC students /
_cLourdes Ann del Rosario.
260 _aLas PiƱas City, Philippines :
_bSouthville International School and Colleges,
_c2012.
300 _a47 pages :
_billustrations ;
_c28 cm.
504 _aIncludes bibliographical references.
650 _aSelf-esteem
_vIn children and adolescents.
650 _aFashion consciousness
_vInfluence on self-esteem in children and adolescents.
650 _aFashion
_vPsychological aspects.
650 _aClothing and dress
_vInfluence on self-esteem.
942 _2lcc
_cPASS
999 _c98779
_d98779